000 00875nab a2200289 4500
003 BR-BrBNA
005 20250413134728.0
008 250413b bl.||||| |||| 00| 0 por d
040 _aBR-BrBNA
_bpor
072 _aF01 ; H10 ; E70
_b2255
100 _aAraújo, Carla
245 _aA erva brasileira
_bAgronegócios
500 _a5 illus.
650 _aERVA DOCE
650 _aPLANTA AROMÁTICA
650 _aMUDA
650 _aCLIMA TEMPERADO
650 _aMATE
650 _aCHÁ
650 _aBEBIDA NÃO ALCOÓLICA
650 _aCHIMARRÃO
650 _aPRAGA DE PLANTA
650 _aCOMERCIALIZAÇÃO
773 0 _01706
_9346669
_dSão Paulo-SP Editora Três Ltda - E-mail: luizfsa@revistadinheiro.com.br 2004
_o2024-7380
_tDinheiro Rural (Brazil)
_x1807-3700
_gv. 3(24) p. 52-54; (Oct 2006)
_wBR2025000720
942 _cANA
999 _c330997
_d330997